Moderné IKT v medzinárodnom podnikaní bakalárska práca

Enregistré dans:
Détails bibliographiques
Auteur principal: Miklošíková, Monika
Collectivité auteur: Obchodná fakulta EU. Katedra informatiky obchodných firiem
Autres auteurs: Škvarčeková, Oľga
Format: Livre
Langue:slovaque
Publié: Bratislava 2014
Tags: Ajouter un tag
Pas de tags, Soyez le premier à ajouter un tag!

MARC

LEADER 00000nbm a2200000 4500
001 0188244
005 20170201100915.1
041 0 |a slo 
044 |a SK 
245 1 0 |a Moderné IKT v medzinárodnom podnikaní  |b bakalárska práca  |c Monika Miklošíková ; školiteľ: Oľga Škvarčeková 
264 1 |a Bratislava  |c 2014 
300 |a 46 s. 
100 1 |a Miklošíková, Monika 
700 1 |a Škvarčeková, Oľga 
710 2 |a Obchodná fakulta EU. Katedra informatiky obchodných firiem